Optimálne rozhodnutia v ekonomike /

Gespeichert in:
Bibliographische Detailangaben
Hauptverfasser: Gorstko, A.B (Verfasst von), Kantorovič, Leonid Vitaljevič (Verfasst von)
Weitere Verfasser: Heretíková (Übersetzung)
Format: Buch
Sprache:Slowakisch
Veröffentlicht: Bratislava : Pravda, 1976
Schlagworte:
Tags: Tag hinzufügen
Keine Tags, Fügen Sie das erste Tag hinzu!

MARC

LEADER 00000nam a22000003a 4500
001 stu37548
005 20150617225727.7
008 920714s1976----cs------------------slo-d
040 |a STU  |b slo 
041 0 |a slo 
044 |a cs 
080 |a 330.16  |7 stu_us_auth*stu2732 
100 1 |a Gorstko, A.B  |4 aut 
245 1 |a Optimálne rozhodnutia v ekonomike /  |c [aut.]L.V. Kantorovič, A.B. Gorstko; Z rus. Heretíková 
260 |a Bratislava :  |b Pravda,  |c 1976 
300 |a 236 s 
650 7 |a rozhodovanie  |2 stusub 
650 7 |a ekonomika  |2 stusub 
700 1 |a Kantorovič, Leonid Vitaljevič  |4 aut 
700 1 |a Heretíková  |4 trl 
996 |b 284M047301  |c M*2194-1  |l MMKN  |s A  |a 24  |w stu37548_0001 
996 |b 284M035335  |c M*2194-2  |l MMKN  |s A  |a 24  |w stu37548_0002